| 000 | 00836cam a2200289 4500500 | ||
|---|---|---|---|
| 005 | 20260405003028.0 | ||
| 041 | _afre | ||
| 042 | _adc | ||
| 100 | 1 | 0 |
_aPortevin, Catherine _eauthor |
| 245 | 0 | 0 | _aAbondance et Liberté. Une histoire environnementale des idées politiques |
| 260 | _c2020. | ||
| 500 | _a31 | ||
| 690 | _aAbondance | ||
| 690 | _aCapitalisme | ||
| 690 | _aCollapsologie | ||
| 690 | _aCrise | ||
| 690 | _aDémocratie | ||
| 690 | _aEnvironnement | ||
| 690 | _aLibéralisme | ||
| 690 | _aLiberté | ||
| 690 | _aPierre Charbonnier | ||
| 690 | _aPolitique | ||
| 690 | _aSocialisme | ||
| 690 | _aVivant | ||
| 786 | 0 | _nPhilosophie magazine | 136 | 2 | 2020-02-01 | p. 55-55 | 1951-1787 | |
| 856 | 4 | 1 | _uhttps://shs.cairn.info/magazine-philosophie-magazine-2020-2-page-55?lang=fr&redirect-ssocas=7080 |
| 999 |
_c2063689 _d2063689 |
||